| 000 | 01902nam0a2200373 4500 | ||
|---|---|---|---|
| 001 | RU\NLR\bibl\892734 | ||
| 005 | 20260407024025.0 | ||
| 010 |
_a5-98156-046-0 _91000 |
||
| 021 |
_aRU _b2005-76342 _93764 |
||
| 035 | _a(NLR Aleph) 000881224 | ||
| 090 |
_a1660194 _c1660194 |
||
| 100 | _a20051222d2005 |||y0rusy50 ca | ||
| 101 | 0 | _arus | |
| 102 | _aRU | ||
| 105 | _aach ||||||||| | ||
| 200 | 1 |
_aНастольная книга друзей заповедных островов _eпрактическое руководство по развитию общественных инициатив в поддержку ООПТ _fЭкол.-просветит. центр "Заповедники", Обществ. регион. фонд "Самар. Лука" _g[С.Ю. Белова и др. _gпод общ. ред. Н.В. Мех] |
|
| 210 |
_aМосква _aСмоленск _cМаджента _d2005 |
||
| 215 |
_a109, [2] с., [4] л. цв. ил., портр., факс. _cил. _d29 |
||
| 225 | 1 | _aДрузья - Заповедным островам | |
| 300 | _aИзд. на средства Фонда Чарльза Стюарта Мотта и Всемир. фонда Дикой природы | ||
| 333 | _a18+ | ||
| 606 | 1 |
_aЗаповедники _xОрганизация работы _92236050 _3RU\NLR\auth\661341922 |
|
| 686 | _aБ12(2)е | ||
| 686 | _aЕ088(2)е | ||
| 702 | 1 |
_aБелова _bС. Ю. _4220 |
|
| 702 | 1 |
_4340 _7ca _8rus _aМех _bН. В. _gНаталья Викторовна _916975 _3RU\NLR\auth\7733969 |
|
| 712 | 0 | 2 |
_4570 _a"Заповедники", эколого-просветительский центр _cМосква _9516913 _3RU\NLR\AUTH\8810009591 |
| 801 | 0 |
_aRU _bNLR _c20051222 _grcr |
|
| 801 | 1 |
_aRU _bNLR _c20051222 |
|
| 942 | _cBOOK | ||
| 980 | _aNB | ||
| 980 | _aIA | ||
| 996 |
_aиноагент _bo _cВсемирный фонд природы |
||